| 000 | 00987cad a22002055a 4500 | ||
|---|---|---|---|
| 001 | E155133 | ||
| 008 | 120305s2012 xxk f 000 0 eng d | ||
| 035 | _a(Sirsi) u155133 | ||
| 041 | 0 | _aeng | |
| 100 | 1 | _aDavies, Trevor | |
| 245 | 0 | 0 |
_aPlaces need leaders _h[electrinic resource] |
| 260 |
_aEdinburgh _bA+DS _c2012 |
||
| 520 | _aThe report "Delivering Better Places in Scotland: learning from broader experience" (2010), suggested that three elements were required to deliver better places: good leadership; co-ordinated delivery; and long term stewardship. This paper looks at the first requirement and discusses improvements in leadership which can be undertaken to create successful places. | ||
| 590 | _aKA | ||
| 600 | 1 | 4 | _aAdams, David |
| 651 | 4 |
_aScotland _y1999- |
|
| 690 |
_aPlanning and development _96259 |
||
| 856 | 4 | 0 |
_uhttps://www.ads.org.uk/urbanism/features/leadership-is-key-to-creating-better-places _zView the report free of charge at www.ads.org.uk |
| 942 | _n0 | ||
| 999 |
_c113338 _d113338 |
||